[Event "AUTO-OPEN-4361"]
[Site "http://www.queenalice.com/game.php?id=1786866"]
[Date "2022.4.12"]
[Round "1"]
[White "Bira47"]
[Black "paloberto2"]
[Result "1/2-1/2"]
[WhiteElo "2079"]
[BlackElo "1196"]

1. b3 Nf6 2. Bb2 e6 3. e3 d5 4. Nf3 Nc6 5. Bb5 Bd7 6. O-O a6 7. Be2 Be7 8. d4
O-O 9. Ne5 Nxe5 10. dxe5 Ne4 11. Nc3 Nxc3 12. Bxc3 f6 13. f4 fxe5 14. Bxe5 Bf6
15. Qd4 Bxe5 16. Qxe5 Rf5 17. Qc3 c6 18. Rf3 Qh4 19. Rh3 Qf6 20. Qxf6 Rxf6 21.
Bd3 h6 22. Rg3 Raf8 23. Rg6 Rxg6 24. Bxg6 Rf6 25. Bd3 Be8 26. Rf1 Bg6 27. Bxg6
Rxg6 28. f5 Rf6 29. fxe6 Rxf1+ 30. Kxf1 Kf8 31. Kf2 Ke7 32. Kf3 Kxe6 33. h4 Kf6
34. e4 Ke5 35. exd5 Kxd5 36. c3 g6 37. Kf4 b5 38. g4 Ke6 39. Ke4 c5 40. b4 c4
41. Kd4 Kd6 42. Ke4 Ke6 43. a3 Kd6 44. h5 gxh5 45. gxh5 Ke6 46. Kd4 Kd6 1/2-1/2

[Event "AUTO-OPEN-4361"]
[Site "http://www.queenalice.com/game.php?id=1797459"]
[Date "2022.10.5"]
[Round "2"]
[White "Bira47"]
[Black "Pin"]
[Result "1-0"]
[WhiteElo "2091"]
[BlackElo "2087"]

1. b3 e5 2. Bb2 Nc6 3. g3 Nf6 4. Bg2 d6 5. h3 Be7 6. Nc3 Be6 7. e3 O-O 8. Nge2
Rb8 9. O-O Nb4 10. a3 Nbd5 11. d4 exd4 12. Nxd4 Nxc3 13. Bxc3 Bd7 14. g4 c5 15.
Nf5 Bxf5 16. gxf5 b6 17. e4 d5 18. exd5 Qd7 19. Qf3 Rfe8 20. Rad1 Rbd8 21. Rfe1
a6 22. Be5 b5 23. d6 Bf8 24. Qc6 Nh5 25. Qxd7 Rxd7 26. Bc6 1-0

[Event "AUTO-OPEN-4361"]
[Site "http://www.queenalice.com/game.php?id=1797460"]
[Date "2022.10.5"]
[Round "2"]
[White "Pin"]
[Black "Bira47"]
[Result "1-0"]
[WhiteElo "2070"]
[BlackElo "2093"]

1. d4 g6 2. Nf3 Bg7 3. c4 c6 4. Nc3 a6 5. Bg5 h6 6. Bf4 g5 7. Be5 Nf6 8. e3 d6
9. Bxf6 Bxf6 10. Ne4 Bg7 11. Bd3 Nd7 12. Qc2 d5 13. Ng3 e6 14. Nh5 Bf8 15. O-O
Nf6 16. Nxf6+ Qxf6 17. Ne5 Bd6 18. f4 Bxe5 19. fxe5 Qe7 20. Rf6 Bd7 21. Raf1 h5
22. Rxf7 Qxf7 23. Bg6 1-0

[Event "AUTO-OPEN-4361"]
[Site "http://www.queenalice.com/game.php?id=1797461"]
[Date "2022.10.5"]
[Round "2"]
[White "Bira47"]
[Black "Rafale2000"]
[Result "1-0"]
[WhiteElo "2076"]
[BlackElo "2039"]

1. c4 b6 2. g3 Bb7 3. Nf3 Nc6 4. Bg2 Rb8 5. O-O e6 6. a3 Nf6 7. Nc3 Bc5 8. b4
Bd6 9. d4 a6 10. e4 O-O 11. Rb1 Be7 12. e5 Ne8 13. c5 f6 14. Re1 fxe5 15. Nxe5
Nxe5 16. Rxe5 Bxg2 17. Kxg2 bxc5 18. dxc5 Nf6 19. h3 Qc8 20. f4 d6 21. cxd6 cxd6
22. Re3 d5 23. Re2 a5 24. Rc2 axb4 25. Ne4 Qb7 26. Nxf6+ Bxf6 27. Rxb4 Qa7 28.
Rxb8 Rxb8 29. a4 Rd8 30. Qe2 Kf7 31. Qb5 Rb8 32. Qc6 Ra8 33. Re2 Qa6 34. Qd7+
Kg6 35. Rxe6 Qxa4 36. f5+ Kh5 37. Qf7+ 1-0

[Event "AUTO-OPEN-4361"]
[Site "http://www.queenalice.com/game.php?id=1797462"]
[Date "2022.10.5"]
[Round "2"]
[White "Rafale2000"]
[Black "Bira47"]
[Result "0-1"]
[WhiteElo "2027"]
[BlackElo "2079"]

1. e4 c5 2. Nf3 e6 3. d4 cxd4 4. Nxd4 a6 5. Nc3 b5 6. a3 Bb7 7. Bd3 Nf6 8. O-O
Be7 9. Bg5 h6 10. Bh4 g5 11. Bg3 Nc6 12. Nxc6 Bxc6 13. e5 Nd5 14. Nxd5 Bxd5 15.
b3 Rc8 16. f4 Qb6+ 17. Bf2 Bc5 18. Qe2 gxf4 19. Bxc5 Qxc5+ 20. Kh1 Rg8 21. Be4
Bxe4 22. Qxe4 Qxc2 0-1

[Event "AUTO-OPEN-4437"]
[Site "http://www.queenalice.com/game.php?id=1809622"]
[Date "2023.4.8"]
[Round "1"]
[White "cerenzo72"]
[Black "Bira47"]
[Result "1-0"]
[WhiteElo "2117"]
[BlackElo "2089"]

1. d4 b6 2. c4 Bb7 3. Nc3 e6 4. e4 Be7 5. Nf3 h6 6. b3 d6 7. Bb2 Nd7 8. Bd3 c5
9. d5 e5 10. O-O Ngf6 11. a4 O-O 12. Ne2 Nh7 13. Nd2 g5 14. Ng3 Bc8 15. Nf5 Ndf6
16. Nxh6+ Kh8 17. Nf3 Ng4 18. Nf5 Bxf5 19. exf5 Ngf6 20. Nd2 g4 21. f3 g3 22.
hxg3 Rg8 23. Kf2 Kg7 24. Rh1 Kf8 25. Qe2 Ke8 26. f4 Ng4+ 27. Kf3 Ng5+ 28. fxg5
Bxg5 29. Ne4 Nh6 30. g4 Bf4 31. Nf2 f6 32. Bc1 Bxc1 33. Raxc1 Nf7 34. Ke3 Ng5
35. Ne4 Qe7 36. Rh6 Rf8 37. Nxg5 fxg5 38. Re6 1-0

[Event "AUTO-OPEN-4437"]
[Site "http://www.queenalice.com/game.php?id=1809623"]
[Date "2023.4.8"]
[Round "1"]
[White "Bira47"]
[Black "cerenzo72"]
[Result "0-1"]
[WhiteElo "2104"]
[BlackElo "2105"]

1. b3 e5 2. Bb2 Nc6 3. e3 d5 4. Nf3 Bg4 5. Be2 Bxf3 6. Bxf3 e4 7. Bg4 Be7 8.
Bxg7 Bf6 9. Bxh8 Bxh8 10. Nc3 Nf6 11. Bh3 a6 12. Rb1 Qd6 13. Ne2 Ne7 14. Nd4 c5
15. Nf5 Nxf5 16. Bxf5 Qe5 17. Bh3 d4 18. O-O Ke7 19. f4 Qd5 20. c4 dxc3 21. dxc3
Qc6 22. c4 Rd8 23. Qe2 Rd3 24. Rbd1 Qd6 25. Rxd3 exd3 26. Qf3 b5 27. Qb7+ Kf8
28. cxb5 axb5 29. Qxb5 d2 30. Rd1 Ne4 31. Qd7 Qa6 32. Rxd2 Nxd2 33. Qxd2 Bf6 34.
e4 Bd4+ 0-1

[Event "AUTO-OPEN-4437"]
[Site "http://www.queenalice.com/game.php?id=1809632"]
[Date "2023.4.8"]
[Round "1"]
[White "TammieM3ENF"]
[Black "Bira47"]
[Result "0-1"]
[WhiteElo "1210"]
[BlackElo "2103"]

1. d4 b6 2. e4 Bb7 3. Nf3 g6 4. Nc3 Bg7 5. Bd3 Nf6 6. Be3 O-O 7. a3 d5 8. b4
dxe4 9. a4 exd3 10. cxd3 Nbd7 11. a5 Nd5 12. Rb1 Nxc3 13. Qc1 Nxb1 14. Qxb1 Re8
15. O-O e5 16. dxe5 Nxe5 17. b5 Nxf3+ 18. gxf3 Bxf3 19. axb6 axb6 20. h3 Rxe3
21. fxe3 Qg5+ 22. Kf2 Qg2+ 23. Ke1 Qe2# 0-1

[Event "AUTO-OPEN-4437"]
[Site "http://www.queenalice.com/game.php?id=1809633"]
[Date "2023.4.8"]
[Round "1"]
[White "Bira47"]
[Black "TammieM3ENF"]
[Result "1-0"]
[WhiteElo "2074"]
[BlackElo "1146"]

1. b3 e5 2. Bb2 d5 3. e3 Nc6 4. a3 Nf6 5. Be2 Be6 6. h3 Bd6 7. Nf3 O-O 8. d4 b5
9. dxe5 Nxe5 10. Nxe5 Bxe5 11. Bxe5 a5 12. Bxb5 Rb8 13. a4 c5 14. Bxb8 Qxb8 15.
Nd2 c4 16. bxc4 dxc4 17. c3 Qd8 18. Nf3 Bd7 19. Bxc4 Qe7 20. O-O Be6 21. Qb3 Nh5
22. Bxe6 fxe6 23. Rab1 h6 24. c4 g5 25. Qd3 g4 26. Qg6+ Qg7 27. Qxg7+ Kxg7 28.
Rb7+ Rf7 29. Rxf7+ Kxf7 30. hxg4 Nf6 31. Rd1 Nxg4 32. c5 Nf6 33. c6 Ke7 34. c7
Ne8 35. c8=Q h5 36. Qd7+ Kf6 37. Qxe8 Kf5 38. Rd4 e5 39. Qxe5+ Kg6 40. Rd6+ Kf7
41. Qf6+ 1-0

[Event "AUTO-OPEN-4463"]
[Site "http://www.queenalice.com/game.php?id=1817611"]
[Date "2023.7.30"]
[Round "1"]
[White "Bira47"]
[Black "donadama"]
[Result "1/2-1/2"]
[WhiteElo "2089"]
[BlackElo "1892"]

1. c4 e6 2. g3 d5 3. Bg2 Nf6 4. a3 Be7 5. e3 O-O 6. Ne2 b6 7. O-O Bb7 8. d4 c5
9. Qc2 Nbd7 10. b3 Re8 11. dxc5 bxc5 12. Bb2 Rc8 13. Nbc3 Nb6 14. cxd5 Nbxd5 15.
Rfd1 Qc7 16. Ne4 Nxe4 17. Bxe4 Nf6 18. f3 Nxe4 19. fxe4 Bg5 20. Kf2 Qc6 21. Nf4
Rcd8 22. h4 Bxf4 23. gxf4 Qxe4 24. Qxe4 Bxe4 25. Rac1 Rc8 26. Rg1 g6 27. h5 Red8
28. Bc3 Rd5 29. hxg6 fxg6 30. b4 c4 31. Bd4 a6 32. a4 Kf7 33. Rc3 Rh5 34. Kg3
Bf5 35. Kf2 Be4 36. Kg3 Bf5 37. Kf2 Be4 1/2-1/2

[Event "AUTO-OPEN-4463"]
[Site "http://www.queenalice.com/game.php?id=1817612"]
[Date "2023.7.30"]
[Round "1"]
[White "donadama"]
[Black "Bira47"]
[Result "0-1"]
[WhiteElo "1869"]
[BlackElo "2077"]

1. d4 b6 2. Nf3 Bb7 3. e3 Nf6 4. Nbd2 e6 5. Be2 Be7 6. O-O O-O 7. c4 d5 8. b3 c5
9. Bb2 Nbd7 10. Rc1 Rc8 11. Bd3 Ne4 12. Re1 Ndf6 13. Ne5 Nxd2 14. Qxd2 Ne4 15.
Bxe4 dxe4 16. Qe2 cxd4 17. exd4 f6 18. Ng4 Bb4 19. Red1 Qe7 20. Bc3 Ba3 21. Rc2
f5 22. h3 fxg4 23. Qxg4 Rf5 24. d5 Rd8 25. Rcd2 Bd6 26. dxe6 Rg5 0-1

[Event "AUTO-OPEN-4463"]
[Site "http://www.queenalice.com/game.php?id=1817613"]
[Date "2023.7.30"]
[Round "1"]
[White "Bira47"]
[Black "KAXY"]
[Result "1-0"]
[WhiteElo "2087"]
[BlackElo "1511"]

1. c4 Nf6 2. g3 e5 3. Bg2 c6 4. e3 d6 5. Nc3 Be6 6. b3 Nbd7 7. Bb2 Be7 8. d4
exd4 9. exd4 O-O 10. Nge2 d5 11. c5 h6 12. O-O Nh7 13. Nf4 Ndf6 14. Nxe6 fxe6
15. Re1 Ne4 16. Nxe4 1-0

[Event "AUTO-OPEN-4463"]
[Site "http://www.queenalice.com/game.php?id=1817614"]
[Date "2023.7.30"]
[Round "1"]
[White "KAXY"]
[Black "Bira47"]
[Result "0-1"]
[WhiteElo "1513"]
[BlackElo "2085"]

1. d4 b6 2. e4 Bb7 3. Nc3 e6 4. Nf3 h6 5. Bd3 Nf6 6. e5 Nd5 7. Bd2 Be7 8. Nxd5
Bxd5 9. O-O c5 10. c3 c4 11. Bc2 Nc6 12. Re1 b5 13. a3 a5 14. Be3 b4 15. axb4
axb4 16. cxb4 Nxb4 0-1

[Event "AUTO-OPEN-4463"]
[Site "http://www.queenalice.com/game.php?id=1817615"]
[Date "2023.7.30"]
[Round "1"]
[White "Bira47"]
[Black "mvson33"]
[Result "1-0"]
[WhiteElo "2074"]
[BlackElo "1754"]

1. c4 Nf6 2. g3 e5 3. Bg2 d5 4. b3 Bc5 5. Bb2 Nc6 6. a3 Be7 7. e3 O-O 8. Ne2 Bg4
9. h3 Bh5 10. g4 Bg6 11. d4 exd4 12. exd4 Ne4 13. Nbc3 Bh4 14. O-O dxc4 15. Nxe4
cxb3 16. Qxb3 Rb8 17. N4g3 Qd7 18. Qc3 f6 19. Rad1 Rfd8 20. d5 Ne5 21. f4 Nc6
22. dxc6 Qe7 23. cxb7 1-0

[Event "AUTO-OPEN-4463"]
[Site "http://www.queenalice.com/game.php?id=1817616"]
[Date "2023.7.30"]
[Round "1"]
[White "mvson33"]
[Black "Bira47"]
[Result "0-1"]
[WhiteElo "1757"]
[BlackElo "2071"]

1. d4 b6 2. Nf3 Bb7 3. e3 e6 4. Bc4 Nf6 5. O-O Be7 6. Bb3 O-O 7. c4 d5 8. cxd5
exd5 9. Nc3 Nbd7 10. Bd2 c5 11. dxc5 Nxc5 12. Bc2 Nce4 13. Nd4 Nxd2 14. Qxd2 Rc8
15. Rac1 Ne4 16. Nxe4 dxe4 17. Rfd1 Qd5 18. Ne2 Rfd8 19. Qxd5 Rxd5 20. Bxe4
Rxd1+ 21. Rxd1 Bxe4 22. Rd7 Bf8 0-1

[Event "AUTO-OPEN-4463"]
[Site "http://www.queenalice.com/game.php?id=1825750"]
[Date "2023.11.22"]
[Round "2"]
[White "Bira47"]
[Black "BeatifulDevil56"]
[Result "1-0"]
[WhiteElo "2081"]
[BlackElo "1976"]

1. b3 g6 2. Bb2 f6 3. e3 d5 4. g3 e5 5. Bg2 c6 6. Ne2 Be6 7. d4 e4 8. Nd2 f5 9.
Nf4 Qd7 10. Nxe6 Qxe6 11. c4 dxc4 12. d5 cxd5 13. Bxh8 Nc6 14. Bc3 b5 15. a4
bxa4 16. Rxa4 cxb3 17. Nxb3 Nf6 18. Nd4 Nxd4 19. Bxd4 a6 20. O-O Qc6 21. Qa1 Nd7
22. Rc1 Qb5 23. Bf1 1-0

[Event "AUTO-OPEN-4463"]
[Site "http://www.queenalice.com/game.php?id=1825751"]
[Date "2023.11.22"]
[Round "2"]
[White "BeatifulDevil56"]
[Black "Bira47"]
[Result "0-1"]
[WhiteElo "1889"]
[BlackElo "2093"]

1. e4 c5 2. Nc3 e6 3. Bc4 a6 4. a4 Nc6 5. Nf3 Be7 6. O-O Bf6 7. d3 h6 8. Be3 b6
9. d4 d6 10. d5 Na5 11. Bd3 exd5 12. exd5 Ne7 13. Bd2 c4 14. Be4 Nb7 15. Qb1 Nc5
16. Re1 Nxe4 17. Rxe4 Bb7 18. Rxc4 Nxd5 19. Re4+ Ne7 20. Re3 O-O 21. Ne4 Nd5 22.
Rd3 Rc8 23. Nxf6+ Qxf6 24. c3 Rfe8 25. Rd4 Qg6 26. Qxg6 fxg6 27. c4 Nf6 28. Ne1
Re4 29. Rxd6 Rexc4 30. Rxb6 R8c7 31. Bc3 Nd5 32. Rxg6 Nxc3 33. bxc3 Rxc3 34. Rb6
Rc1 35. Rxc1 Rxc1 36. Kf1 Bd5 37. f3 Bc4+ 38. Kf2 Ra1 39. Rb4 Ra2+ 40. Kg3 Be2
41. Rd4 Kh7 42. Rg4 h5 43. Re4 Kh6 44. Re6+ g6 45. h4 Bc4 46. Rd6 Rxa4 47. Nc2
Kg7 48. Rd4 Bb5 49. Rxa4 Bxa4 50. Na3 Bb3 51. Kf4 Kf6 52. g4 hxg4 53. fxg4 a5
54. g5+ Ke6 55. Ke4 a4 56. Nb5 Bc2+ 57. Kf4 Kd5 58. Na3 Bd3 59. Ke3 Bf5 60. Nb5
Kc5 61. Na3 Kb4 62. Kf4 Bd3 63. Ke3 Bf5 64. Kf4 Bd3 65. Ke3 Kc3 66. Kf3 Kb2 67.
Ke3 Ba6 68. Kd4 Kxa3 69. h5 gxh5 70. g6 Kb3 0-1

[Event "AUTO-OPEN-4463"]
[Site "http://www.queenalice.com/game.php?id=1833138"]
[Date "2024.3.10"]
[Round "3"]
[White "chessman"]
[Black "Bira47"]
[Result "1/2-1/2"]
[WhiteElo "1911"]
[BlackElo "2115"]

1. e4 c5 2. Nf3 e6 3. d4 cxd4 4. Nxd4 a6 5. Be2 Nf6 6. Nc3 Bb4 7. Bf3 e5 8. Nf5
O-O 9. O-O d5 10. Ng3 d4 11. Nd5 Nxd5 12. exd5 Nd7 13. c3 dxc3 14. Qb3 Qb6 15.
bxc3 Bc5 16. Qxb6 Bxb6 17. c4 Bd4 18. Rb1 b5 19. cxb5 axb5 20. a3 Nf6 21. Rd1
Rb8 22. Bg5 Nd7 23. Be7 Re8 24. Bb4 Nf6 25. Rdc1 e4 26. Be2 e3 27. f3 Bd7 28. d6
Ba7 29. Rc2 Bb6 30. Rbc1 Rec8 31. Rxc8+ Rxc8 32. Rxc8+ Bxc8 33. Kf1 Bd7 34. Ne4
Nxe4 35. fxe4 Bc6 36. e5 Bd7 37. Bc3 Kf8 38. h3 Bc5 39. Bb2 Bb6 40. Ke1 Bc6 41.
Bc3 Bd7 42. Bb4 Ke8 43. Bf3 f6 44. exf6 gxf6 45. Ke2 f5 46. g4 fxg4 47. Bxg4
Bxg4+ 48. hxg4 Kd7 49. Kd3 Ke6 50. Ke2 h6 51. Kf3 Ke5 52. d7 Ke6 53. d8=Q Bxd8
54. Kxe3 Bb6+ 55. Ke4 Bd8 56. Bd2 Be7 57. Bxh6 Bxa3 58. Bd2 b4 59. Bxb4 Bxb4 60.
g5 Bd2 61. Kf3 Bxg5 62. Kg2 Kf5 63. Kf3 Bc1 64. Ke2 Ke4 65. Kd1 Be3 66. Ke2 Bc1
67. Kd1 Be3 68. Ke2 Bc1 1/2-1/2

[Event "AUTO-OPEN-4463"]
[Site "http://www.queenalice.com/game.php?id=1833139"]
[Date "2024.3.10"]
[Round "3"]
[White "Bira47"]
[Black "chessman"]
[Result "1-0"]
[WhiteElo "2101"]
[BlackElo "2021"]

1. c4 c6 2. g3 d5 3. b3 Nf6 4. Bg2 e6 5. Nf3 Be7 6. Bb2 O-O 7. O-O Nbd7 8. d4 a6
9. Nbd2 Re8 10. Re1 Nf8 11. e4 dxe4 12. Nxe4 h6 13. Ne5 Qc7 14. Qc2 Nxe4 15.
Bxe4 f5 16. Bg2 Nd7 17. Ng6 Bf6 18. Rac1 Nf8 19. Ne5 Nd7 20. Nxd7 Bxd7 21. d5
cxd5 22. Bxf6 gxf6 23. Qd2 Qd6 24. c5 Qc7 25. Qxh6 Rf8 26. Qg6+ Kh8 27. g4 fxg4
28. Bxd5 exd5 29. Re7 1-0

[Event "AUTO-OPEN-4463"]
[Site "http://www.queenalice.com/game.php?id=1833140"]
[Date "2024.3.10"]
[Round "3"]
[White "Capixabba789"]
[Black "Bira47"]
[Result "0-1"]
[WhiteElo "1955"]
[BlackElo "2108"]

1. d4 b6 2. e4 Bb7 3. Bd3 e6 4. Nf3 Be7 5. Nc3 Nf6 6. Be3 Ng4 7. Bd2 O-O 8. Bf4
a6 9. O-O Nf6 10. e5 Nd5 11. Nxd5 Bxd5 12. c4 Bb7 13. b3 d5 14. Re1 c5 15. dxc5
bxc5 16. Bg3 dxc4 17. Bxc4 Nc6 18. Qc2 Nd4 19. Nxd4 cxd4 20. a4 Rc8 21. Qb1 Bb4
22. Rd1 Bc3 23. Ra2 Qg5 24. f4 Qe7 25. Bd3 g6 26. Be4 Bc6 27. Bxc6 Rxc6 28. Rc2
Rfc8 29. Qc1 Qb4 30. Qb1 Rb6 31. Bf2 Rbc6 32. Kh1 Rc5 33. h3 Rb8 34. Be1 Qxb3
35. Qxb3 Rxb3 36. Bxc3 dxc3 37. Rd3 Ra3 38. a5 Raxa5 39. Rcxc3 Ra1+ 40. Kh2 Rxc3
41. Rxc3 a5 42. h4 a4 43. Kg3 a3 44. Rc8+ Kg7 45. Ra8 a2 46. Kf2 h5 47. g3 Kh7
48. Ra7 Kg8 49. Ke2 Rg1 0-1

[Event "AUTO-OPEN-4463"]
[Site "http://www.queenalice.com/game.php?id=1833141"]
[Date "2024.3.10"]
[Round "3"]
[White "Bira47"]
[Black "Capixabba789"]
[Result "1/2-1/2"]
[WhiteElo "2111"]
[BlackElo "2001"]

1. c4 d5 2. g3 dxc4 3. Qa4+ Nc6 4. Qxc4 Nf6 5. Bg2 Bd7 6. e3 e6 7. a3 Bd6 8. Ne2
O-O 9. O-O e5 10. d4 exd4 11. exd4 Re8 12. b4 a6 13. Nbc3 Bg4 14. f3 Bd7 15. Bg5
h6 16. Bd2 Na7 17. a4 b5 18. axb5 Nxb5 19. Rfe1 Nxc3 20. Nxc3 Rxe1+ 21. Rxe1 Be6
22. d5 Bd7 23. f4 Ng4 24. h3 Nf6 25. Ne4 Nxe4 26. Qxe4 Qf6 27. Qc4 Bb5 28. Qc3
Qxc3 29. Bxc3 g6 30. Bf3 h5 31. h4 Kf8 32. Kg2 Re8 33. Rxe8+ Kxe8 34. Bd2 f5 35.
Kf2 Ke7 36. Be2 Kd7 37. Bxb5+ axb5 38. Ke2 Ke7 39. Bc3 Kd7 40. Kd3 Ke7 41. Ke3
Kd7 42. Kd4 Ke7 43. Kd3 Kd7 44. Kd4 Ke7 45. Kd3 1/2-1/2